|
|
|
|
| LEADER |
00000cas a2200000 a 4500 |
| 001 |
vtls008882530 |
| 003 |
SK-MaSNL |
| 005 |
20260228162256.0 |
| 008 |
211119d19912025xo mr p 0 b0slo |
| 035 |
|
|
|a (SVKBB03)vtls000112684
|
| 040 |
|
|
|a SVKBB
|b slo
|c SVKBB
|d SNK
|e AACR2
|
| 041 |
0 |
|
|a slo
|
| 044 |
|
|
|a xo
|c SK
|
| 072 |
|
|
|a 638
|x Včelárstvo
|2 konspekt
|
| 080 |
|
|
|a 050
|2 2011
|
| 080 |
|
|
|a 638.1
|2 2011
|
| 080 |
|
|
|a 638.14
|2 2011
|
| 080 |
|
|
|a (051)-048.55
|2 2011
|
| 080 |
|
|
|a 351.752.17(051)
|2 2011
|
| 245 |
0 |
0 |
|a Slovenský včelár
|b mesačník Spolku včelárov Slovenska
|
| 260 |
|
|
|a Bratislava
|b Ústredie Spolku včelárov Slovenska
|c 1991-2025
|
| 260 |
3 |
|
|3 [2007]-
|a Trstená
|b Ústredie Spolku včelárov Slovenska
|
| 300 |
|
|
|a zv.
|c 30 cm
|
| 310 |
|
|
|a 6x ročne
|
| 362 |
0 |
|
|a Roč. 26 (1991)-
|z Online katalog Slov. poľnohosp. K pri SPU, Nitra
|
| 500 |
|
|
|a Časopis nesie označenie R - renovovaný, pretože nadväzuje na časopis Slovenský včelár, ktorý vychádzal v r. 1923-1951
|
| 500 |
|
|
|a Podnázov uvedený v tiráži: odborný časopis pre včelárov a priaznivcov včelárstva
|
| 500 |
|
|
|a Neskorší podnázov: odborný časopis Spolku včelárov Slovenska
|
| 500 |
|
|
|a Registračné č.: MK SR 3609/09
|
| 515 |
|
|
|a Čísla vychádzajú ako dvojčíslo
|
| 650 |
0 |
7 |
|a včelárstvo
|2 SNKPH
|9 3997
|
| 650 |
0 |
7 |
|a chov včiel
|2 SNKPH
|9 57250
|
| 655 |
|
7 |
|a časopisy záujmových združení a spolkov
|2 SNKPH
|9 141943
|
| 655 |
|
7 |
|a špecializované časopisy
|2 SNKPH
|9 70509
|
| 910 |
|
|
|a snk
|
| 999 |
|
|
|c 7384
|d 9314
|
| 952 |
|
|
|0 0
|1 0
|4 0
|7 0
|8 0
|a SNK
|b SNK
|d 2023-03-23
|i snk2023/5005
|l 0
|o snkČSB 7638/2020
|p 17A1519993
|r 2026-02-21 20:10:30
|t č. 1-12
|w 2026-02-21
|y PREZ
|
| 952 |
|
|
|0 0
|1 0
|4 0
|7 0
|8 0
|a SNK
|b SNK
|d 2023-03-23
|i snk2023/5006
|l 0
|o snkČSB 7638/2021
|p 17A1519994
|r 2026-02-21 20:10:30
|t č. 1-12
|w 2026-02-21
|y PREZ
|
| 952 |
|
|
|0 0
|1 0
|4 0
|7 0
|8 0
|a SNK
|b SNK
|d 2023-03-22
|i snk2023/4889
|l 0
|o snkČSB 7638/2018 D1
|p 17A1465729
|r 2026-02-21 20:17:48
|t č. 1-12, neúplné
|w 2026-02-21
|y PREZ
|z Chýba č. 9-12
|
| 952 |
|
|
|0 0
|1 0
|4 0
|7 0
|8 0
|a SNK
|b SNK
|d 2023-03-22
|i snk2023/4890
|l 0
|o snkČSB 7638/2019 D1
|p 17A1465730
|r 2026-02-21 20:17:48
|t č. 1-12, neúplné
|w 2026-02-21
|y PREZ
|z Chýba č. 7-12
|
| 952 |
|
|
|0 0
|1 0
|4 0
|7 0
|8 0
|a SNK
|b SNK
|d 2021-06-01
|i snk2021/6141
|l 0
|o snkČSB 7638/2014
|p 17A1434198
|r 2026-02-21 21:29:05
|t č. 1-12
|w 2026-02-21
|y PREZ
|
| 952 |
|
|
|0 0
|1 0
|4 0
|7 0
|8 0
|a SNK
|b SNK
|d 2021-06-01
|i snk2021/6142
|l 0
|o snkČSB 7638/2015
|p 17A1434199
|r 2026-02-21 21:29:05
|t č. 1-12, neúplné
|w 2026-02-21
|y PREZ
|z Chýba č. 5-6
|
| 952 |
|
|
|0 0
|1 0
|4 0
|7 0
|8 0
|a SNK
|b SNK
|d 2021-06-01
|i snk2021/6143
|l 0
|o snkČSB 7638/2016
|p 17A1434200
|r 2026-02-21 21:29:05
|t č. 1-12, neúplné
|w 2026-02-21
|y PREZ
|z Chýba č. 1-4, 9-10
|
| 952 |
|
|
|0 0
|1 0
|4 0
|7 0
|8 0
|a SNK
|b SNK
|d 2021-06-01
|i snk2021/6144
|l 0
|o snkČSB 7638/2017
|p 17A1434201
|r 2026-02-21 21:29:05
|t č. 1-12
|w 2026-02-21
|y PREZ
|
| 952 |
|
|
|0 0
|1 0
|4 0
|7 0
|8 0
|a SNK
|b SNK
|d 2021-06-01
|i snk2021/6145
|l 0
|o snkČSB 7638/2018
|p 17A1434202
|r 2026-02-21 21:29:05
|t č. 1-12
|w 2026-02-21
|y PREZ
|
| 952 |
|
|
|0 0
|1 0
|4 0
|7 0
|8 0
|a SNK
|b SNK
|d 2021-06-01
|f 1
|i snk2021/6146
|l 0
|o snkČSB 7638/2019
|p 17A1434203
|r 2026-02-21 21:29:07
|t č. 1-12
|w 2026-02-21
|y PREZ
|
| 952 |
|
|
|0 0
|1 0
|4 0
|7 0
|8 0
|a SNK
|b SNK
|d 2021-06-01
|i snk2021/6147
|l 0
|o snkČSB 7638/2014 D1
|p 17A1434204
|r 2026-02-21 21:29:07
|t č. 1-12
|w 2026-02-21
|y PREZ
|
| 952 |
|
|
|0 0
|1 0
|4 0
|7 0
|8 0
|a SNK
|b SNK
|d 2021-06-01
|i snk2021/6148
|l 0
|o snkČSB 7638/2015 D1
|p 17A1434205
|r 2026-02-21 21:29:07
|t č. 1-12, neúplné
|w 2026-02-21
|y PREZ
|z Chýba č. 1-2, 5-6
|
| 952 |
|
|
|0 0
|1 0
|4 0
|7 0
|8 0
|a SNK
|b SNK
|d 2021-06-01
|i snk2021/6149
|l 0
|o snkČSB 7638/2016 D1
|p 17A1434206
|r 2026-02-21 21:29:07
|t č. 1-12, neúplné
|w 2026-02-21
|y PREZ
|z Chýba č. 1-6, 9-10
|
| 952 |
|
|
|0 0
|1 0
|4 0
|7 0
|8 0
|a SNK
|b SNK
|d 2021-06-01
|i snk2021/6150
|l 0
|o snkČSB 7638/2017 D1
|p 17A1434207
|r 2026-02-21 21:29:07
|t č. 1-12
|w 2026-02-21
|y PREZ
|